Mastering business intelligence with microstrategy: (Record no. 196655)

MARC details
000 -LEADER
fixed length control field 00859nam a2200253Ia 4500
003 - CONTROL NUMBER IDENTIFIER
control field OSt
005 - DATE AND TIME OF LATEST TRANSACTION
control field 20251212114526.0
008 - FIXED-LENGTH DATA ELEMENTS--GENERAL INFORMATION
fixed length control field 210716s2016 xx 000 0 und d
020 ## - INTERNATIONAL STANDARD BOOK NUMBER
International Standard Book Number 9781785884405
040 ## - CATALOGING SOURCE
Transcribing agency AIMIT LIBRARY
041 ## - LANGUAGE CODE
Language code of text/sound track or separate title eng
082 ## - DEWEY DECIMAL CLASSIFICATION NUMBER
Classification number 005.763
Edition number 1
Item number ANOD
100 ## - MAIN ENTRY--PERSONAL NAME
Personal name Anoshin, Dmitry.
9 (RLIN) 248948
245 ## - TITLE STATEMENT
Title Mastering business intelligence with microstrategy:
Remainder of title build world class enterprise business intelligence solutions with microstrategy 10.
250 ## - EDITION STATEMENT
Edition statement 1st ed.
260 ## - PUBLICATION, DISTRIBUTION, ETC.
Place of publication, distribution, etc. Mumbai:
Name of publisher, distributor, etc. Packt Publishing Ltd ,
Date of publication, distribution, etc. 2016.
300 ## - PHYSICAL DESCRIPTION
Extent viii,378 p.;
Other physical details PB
Dimensions 24.5 cm.
650 ## - SUBJECT ADDED ENTRY--TOPICAL TERM
Source of heading or term Building advanced reports and documents
650 ## - SUBJECT ADDED ENTRY--TOPICAL TERM
Source of heading or term Advanced visualization techniques
650 ## - SUBJECT ADDED ENTRY--TOPICAL TERM
Source of heading or term Data discovery with microstrategy desktop
700 ## - ADDED ENTRY--PERSONAL NAME
Personal name Rana, Himani
9 (RLIN) 248950
700 ## - ADDED ENTRY--PERSONAL NAME
Personal name Ma, Ning.
9 (RLIN) 248951
942 ## - ADDED ENTRY ELEMENTS (KOHA)
Source of classification or shelving scheme Dewey Decimal Classification
Koha item type Book
Call number prefix 005.763 ANOD
Holdings
Withdrawn status Lost status Damaged status Not for loan Collection code Home library Current library Source of acquisition Cost, normal purchase price Total Checkouts Full call number Barcode Date last seen Date last checked out Cost, replacement price Price effective from Koha item type
        MCA St Aloysius Institute of Management & Information Technology St Aloysius Institute of Management & Information Technology Knowledge World 999.00 1 005.763 ANOD MCA16170 05/23/2026 06/22/2022 749.25 07/16/2021 Book